000 01112nam a22002777a 4500
001 7073
003 FISKH
005 20250821133136.0
008 250620b cb ||||| |||| 00| 0 eng d
020 _a9780545685979
040 _aFISKH
_beng
_cFISKH
_dFISKH640 LCC TD793 .W35
050 _aTD793 .W35
082 _a640
100 _aWalsh, Melanie
245 _a10 things I can do to help my world /
_cMelanie Walsh
260 _aNew York :
_bScholastic,
_c2008.
300 _a40 unnumbered pages :
_bcolor illustrations ;
_c25 cm
505 _aN
520 _aA beautifully simple book for small children where transforming pages reveal ten things that everyone can do to help conserve their world. Many of them, such as turning off the television, and turning off lights when leaving a room are about conserving energy. Others will encourage an understanding of nature and conservation.
521 8 _a550
_bLexile AD
521 8 _aN
_bRaz-Plus
650 _aConservation
_vEarth Day
_xEarth
650 _aGreen living
_vNature
_xHelping nature
942 _2ddc
_cBK
_n0
999 _c7073
_d7073